| 000 | 00853nam a2200205 a 4500 | ||
|---|---|---|---|
| 003 | 0 | ||
| 005 | 20250212160159.0 | ||
| 008 | 130905s19uu xx 00 eng d | ||
| 050 |
_aPHS DS 686.6.A68 _b.Es79 2012 |
||
| 100 | _aEstella, Camille V. | ||
| 245 |
_aBenigno "Ninoy" Aquino Jr. _bhis influences on the Filipino mentality on human rights in the Aquino administration / _cCamille V. Estella. |
||
| 260 |
_aLas PiƱas City, Philippines : _bSouthville International School and Colleges, _c2012. |
||
| 300 |
_a32 pages : _billustrations ; _c28 cm. |
||
| 504 | _aIncludes bibliographical references. | ||
| 600 |
_aAquino, Benigno S., Jr. _d1932-1983 _qInfluence. |
||
| 650 |
_aPhilippines _vPolitics and government _y1986-1992. |
||
| 650 |
_aDemocracy _vPhilippines _xHistory. |
||
| 650 |
_aHuman rights _vPhilippines _xPublic opinion. |
||
| 942 |
_2lcc _cPASS |
||
| 999 |
_c99091 _d99091 |
||